<?xml version="1.0" encoding="UTF-8"?><?xml-stylesheet type="text/xsl" href="static/style.xsl"?><OAI-PMH xmlns="http://www.openarchives.org/OAI/2.0/" xmlns:xsi="http://www.w3.org/2001/XMLSchema-instance" xsi:schemaLocation="http://www.openarchives.org/OAI/2.0/ http://www.openarchives.org/OAI/2.0/OAI-PMH.xsd"><responseDate>2026-04-17T11:48:22Z</responseDate><request verb="GetRecord" identifier="oai:www.recercat.cat:2072/382055" metadataPrefix="marc">https://recercat.cat/oai/request</request><GetRecord><record><header><identifier>oai:recercat.cat:2072/382055</identifier><datestamp>2026-03-22T21:29:00Z</datestamp><setSpec>com_2072_98</setSpec><setSpec>col_2072_378192</setSpec></header><metadata><record xmlns="http://www.loc.gov/MARC21/slim" xmlns:dcterms="http://purl.org/dc/terms/" xmlns:xsi="http://www.w3.org/2001/XMLSchema-instance" xmlns:doc="http://www.lyncode.com/xoai" xsi:schemaLocation="http://www.loc.gov/MARC21/slim http://www.loc.gov/standards/marcxml/schema/MARC21slim.xsd">
   <leader>00925njm 22002777a 4500</leader>
   <datafield ind2=" " ind1=" " tag="042">
      <subfield code="a">dc</subfield>
   </datafield>
   <datafield ind2=" " ind1=" " tag="720">
      <subfield code="a">López-Gay, Rafael</subfield>
      <subfield code="e">author</subfield>
   </datafield>
   <datafield ind2=" " ind1=" " tag="720">
      <subfield code="a">Martínez Torregrosa, Joaquín</subfield>
      <subfield code="e">author</subfield>
   </datafield>
   <datafield ind2=" " ind1=" " tag="260">
      <subfield code="c">2005</subfield>
   </datafield>
   <datafield ind2=" " ind1=" " tag="520">
      <subfield code="a">En un trabajo previo realizamos una clarifi cación del uso del cálculo diferencial y determinamos un conjunto de indicadores de lo que sería una adecuada comprensión del concepto de diferencial en la física. Guiados por las conclusiones de ese trabajo, presentamos ahora el análisis que hemos realizado de la enseñanza habitual, más concretamente sobre lo que hacen y entienden los estudiantes y profesores cuando usan el cálculo diferencial en las aplicaciones físicas. Después de enunciar y fundamentar la hipótesis de partida, y de presentar el diseño experimental elaborado para someterla a prueba, se muestran y discuten los resultados más importantes que hemos obtenido al aplicar ese diseño con una amplia muestra de profesores de bachillerato y estudiantes de bachillerato y universidad. Esos resultados confirman la ausencia de todos los indicadores de comprensión de la diferencial, poniendo de manifiesto el uso meramente algorítmico del cálculo y las consecuencias negativas que ello tiene para el aprendizaje de la física.</subfield>
   </datafield>
   <datafield ind2=" " ind1=" " tag="520">
      <subfield code="a">One of our previous works explained the use of differential calculus and determined a series of indicators of what could be considered as the appropriate understanding of the concept of differential in physics. Following the conclusions reached in the aforesaid work, this article now analyses common teaching, and more precisely what teachers and students do and understand when applying differential calculus in physics. The present work exposes and justifi es our first hypothesis and presents the experimental design elaborated to test it, and then puts forward the most relevant results registered when applying that design on a large sample of secondary school teachers and secondary school and university students. Attained results prove the absence of all understanding indicators of the differential and highlight the merely logarithmical use made of calculus, as well as the negative impact it has on learning physics.</subfield>
   </datafield>
   <datafield tag="653" ind2=" " ind1=" ">
      <subfield code="a">Càlcul diferencial</subfield>
   </datafield>
   <datafield tag="653" ind2=" " ind1=" ">
      <subfield code="a">Física i matemàtiques</subfield>
   </datafield>
   <datafield tag="653" ind2=" " ind1=" ">
      <subfield code="a">Idees dels professors</subfield>
   </datafield>
   <datafield tag="653" ind2=" " ind1=" ">
      <subfield code="a">Idees dels estudiants</subfield>
   </datafield>
   <datafield tag="653" ind2=" " ind1=" ">
      <subfield code="a">Actituds</subfield>
   </datafield>
   <datafield tag="653" ind2=" " ind1=" ">
      <subfield code="a">Anàlisi de l'ensenyament</subfield>
   </datafield>
   <datafield tag="653" ind2=" " ind1=" ">
      <subfield code="a">Cálculo diferencial</subfield>
   </datafield>
   <datafield tag="653" ind2=" " ind1=" ">
      <subfield code="a">Física y matemáticas</subfield>
   </datafield>
   <datafield tag="653" ind2=" " ind1=" ">
      <subfield code="a">Ideas de los profesores</subfield>
   </datafield>
   <datafield tag="653" ind2=" " ind1=" ">
      <subfield code="a">Ideas de los estudiantes</subfield>
   </datafield>
   <datafield tag="653" ind2=" " ind1=" ">
      <subfield code="a">Actitudes</subfield>
   </datafield>
   <datafield tag="653" ind2=" " ind1=" ">
      <subfield code="a">Análisis de la enseñanza</subfield>
   </datafield>
   <datafield tag="653" ind2=" " ind1=" ">
      <subfield code="a">Differential calculus</subfield>
   </datafield>
   <datafield tag="653" ind2=" " ind1=" ">
      <subfield code="a">Physics and mathematics</subfield>
   </datafield>
   <datafield tag="653" ind2=" " ind1=" ">
      <subfield code="a">Teachers'ideas</subfield>
   </datafield>
   <datafield tag="653" ind2=" " ind1=" ">
      <subfield code="a">Students'ideas</subfield>
   </datafield>
   <datafield tag="653" ind2=" " ind1=" ">
      <subfield code="a">Attitudes</subfield>
   </datafield>
   <datafield tag="653" ind2=" " ind1=" ">
      <subfield code="a">Analysis of teaching</subfield>
   </datafield>
   <datafield ind2="0" ind1="0" tag="245">
      <subfield code="a">¿Qué hacen y qué entienden los estudiantes y profesores de física cuando usan expresiones diferenciales?</subfield>
   </datafield>
</record></metadata></record></GetRecord></OAI-PMH>